000 00975nas a2200277 c 4500
003 BLK
005 20180422122418.0
008 180413b bul raner|||| |0| c1bulo|
010 _aPRD00003452000
022 _aC603-828X
040 _aBLK
041 _aBUL
_cBUL
080 _aЛитература
_b82
_x-32
_z82-32
110 1 _aПресгрупа Хермес 3
_9388277
245 1 0 _aДРАКУЛА
_bКриминален вестник за късни нощи и ранни доби
_cПресгрупа Хермес 3
_fНачална год. на издаване: № 1(1963 ),
257 _aBGR
260 София
_bПресгрупа Хермес 3
_c1993
300 _c40
310 периодичност: 0
_eсрок за съхранение: 99
380 _a82
852 _aВ 1315
856 _qpdf
_u
856 _qpdf
_u
942 _cNSP
_n0
_s1
944 _aCR
_cМария_Кръстева
_k15.01.2003
944 _aED
_cВаня_Йорданова
_k12.02.2018
999 _c291940
_d291940